[Event "Montevideo Duchamp Cup 6th"]
[Site "Montevideo"]
[Date "2023.02.07"]
[Round "5"]
[White "Rodriguez Farias, Eduardo"]
[Black "Cayetano, Juan"]
[Result "0-1"]
[WhiteElo "1901"]
[BlackElo "1677"]
[PlyCount "134"]
[EventDate "2023.02.03"]
[EventType "swiss"]
[EventRounds "9"]
[EventCountry "URU"]
[SourceTitle "CBM 212 Extra"]
[Source "ChessBase"]
[SourceDate "2023.03.31"]
[SourceVersion "1"]
[SourceVersionDate "2023.03.31"]
[SourceQuality "1"]

1. e4 e6 2. d4 d5 3. e5 c5 4. c3 Nc6 5. Nf3 Qb6 6. Bd3 Bd7 7. dxc5 Bxc5 8. 0-0 f6 9. b4 Be7 10. exf6 Nxf6 11. Na3 e5 12. b5 e4 13. bxc6 bxc6 14. Bxe4 Nxe4 15. Ne5 Bf5 16. Qa4 Rc8 17. Be3 Nxc3 18. Qb3 Qa5 19. Nc2 Ne2+ 20. Kh1 0-0 21. Nd4 Nxd4 22. Bxd4 Qb4 23. Qxb4 Bxb4 24. Rac1 c5 25. a3 cxd4 26. axb4 Rc3 27. Nc6 Bd3 28. Nxd4 Rxc1 29. Rxc1 Rxf2 30. Nc6 Be4 31. Rg1 a6 32. h3 Rb2 33. Kh2 Kf7 34. Nb8 a5 35. b5 Rxb5 36. Nc6 Rc5 37. Rf1+ Ke6 38. Nd8+ Ke7 39. Nb7 Rc2 40. Kg3 Rxg2+ 41. Kf4 Rg6 42. Ke5 Re6+ 43. Kd4 a4 44. Nc5 Rh6 45. Rg1 Rg6 46. Ra1 Rg3 47. Rxa4 Rxh3 48. Ra7+ Kf6 49. Nd7+ Kf5 50. Ne5 g6 51. Rf7+ Ke6 52. Rf8 Ra3 53. Re8+ Kf6 54. Rf8+ Kg5 55. Nf7+ Kh4 56. Nd6 Rf3 57. Rh8 h5 58. Ne8 Kg4 59. Rh6 h4 60. Ng7 h3 61. Ne6 Rf2 62. Ke3 Rf6 63. Nd4 Kg3 64. Ne2+ Kg2 65. Rh4 h2 66. Rg4+ Kh3 67. Rg3+ Kh4 0-1

[Event "Montevideo Duchamp Cup 6th"]
[Site "Montevideo"]
[Date "2023.02.06"]
[Round "4"]
[White "Cayetano, Juan"]
[Black "Cardarelli, Leon"]
[Result "1-0"]
[WhiteElo "1677"]
[BlackElo "1406"]
[PlyCount "41"]
[EventDate "2023.02.03"]
[EventType "swiss"]
[EventRounds "9"]
[EventCountry "URU"]
[SourceTitle "CBM 212 Extra"]
[Source "ChessBase"]
[SourceDate "2023.03.31"]
[SourceVersion "1"]
[SourceVersionDate "2023.03.31"]
[SourceQuality "1"]

1. e4 d6 2. d4 Nf6 3. Bd3 g6 4. Bf4 Nbd7 5. c3 e5 6. Be3 c5 7. Nf3 exd4 8. cxd4 c4 9. Bxc4 Nxe4 10. Qb3 Qe7 11. Nc3 Ndf6 12. 0-0 Bg7 13. Rfe1 h6 14. Bb5+ Kf8 15. Bf4 Bf5 16. Bd3 Re8 17. g4 Bxg4 18. Nxe4 Nxe4 19. Rxe4 Qf6 20. Bxd6+ Qxd6 21. Rxg4 1-0

[Event "Montevideo 1700+ op"]
[Site "Montevideo"]
[Date "2022.10.01"]
[Round "2"]
[White "Cayetano, Juan"]
[Black "Correa, Julio"]
[Result "1-0"]
[WhiteElo "1654"]
[BlackElo "1904"]
[PlyCount "87"]
[EventDate "2022.10.01"]
[EventType "swiss"]
[EventRounds "5"]
[EventCountry "URU"]
[SourceTitle "EXT 2023"]
[Source "ChessBase"]
[SourceDate "2022.10.05"]
[SourceVersion "1"]
[SourceVersionDate "2022.10.05"]
[SourceQuality "1"]

1. e4 d6 2. d4 Nf6 3. Bd3 g6 4. Nf3 Bg7 5. Bf4 Nc6 6. Qd2 Bg4 7. c3 Qd7 8. d5 Nd8 9. Na3 Bxf3 10. gxf3 a6 11. Bh6 0-0 12. Bxg7 Kxg7 13. h4 Nh5 14. 0-0-0 e5 15. Nc4 b6 16. Rdg1 f6 17. Ne3 Kh8 18. Rg4 Nf7 19. Rhg1 Rg8 20. R4g2 b5 21. Ng4 f5 22. exf5 gxf5 23. Nh6 Rxg2 24. Rxg2 Nf4 25. Bxf5 Qe7 26. Nxf7+ Qxf7 27. Rg5 Rg8 28. Be6 Nxe6 29. dxe6 Qxe6 30. b3 Qf6 31. Qe3 Rxg5 32. hxg5 Qf4 33. Kd2 Kg7 34. Ke2 Qxe3+ 35. fxe3 Kg6 36. f4 exf4 37. exf4 Kf5 38. Ke3 c5 39. c4 b4 40. Kf3 a5 41. Ke3 d5 42. cxd5 c4 43. bxc4 a4 44. Kd3 1-0

[Event "Montevideo La Proa 1800+ op"]
[Site "Montevideo"]
[Date "2022.04.10"]
[Round "4"]
[White "Avedisian, Alexander"]
[Black "Cayetano, Juan"]
[Result "1-0"]
[WhiteElo "1902"]
[BlackElo "1764"]
[PlyCount "75"]
[EventDate "2022.04.09"]
[EventType "swiss"]
[EventRounds "5"]
[EventCountry "URU"]
[SourceTitle "EXT 2023"]
[Source "ChessBase"]
[SourceDate "2022.10.05"]
[SourceVersion "1"]
[SourceVersionDate "2022.10.05"]
[SourceQuality "1"]

1. Nf3 d5 2. g3 Nf6 3. Bg2 c5 4. 0-0 Nc6 5. d3 h6 6. h3 e5 7. Na3 a6 8. e4 d4 9. Nc4 Qc7 10. a4 Rb8 11. a5 Be6 12. Nfxe5 Nxe5 13. Nxe5 g5 14. f4 Bd6 15. Nc4 Nh7 16. Nxd6+ Qxd6 17. f5 Bc8 18. e5 Qe7 19. f6 Qf8 20. g4 Be6 21. c3 Kd8 22. cxd4 c4 23. b3 c3 24. Ba3 Qe8 25. Rc1 Qd7 26. Bd6 Rc8 27. d5 Nf8 28. Qe1 Bxg4 29. hxg4 Qxg4 30. Qe3 Ke8 31. Qb6 Qd7 32. Rf2 g4 33. Rfc2 g3 34. Rxc3 Rxc3 35. Rxc3 Qg4 36. Rc7 Ng6 37. Rxb7 Nxe5 38. Rb8+ 1-0

[Event "Montevideo La Proa 1800+ op"]
[Site "Montevideo"]
[Date "2022.04.09"]
[Round "2"]
[White "Cayetano, Juan"]
[Black "Lanzilotta Mernies, Marcelo"]
[Result "0-1"]
[WhiteElo "1764"]
[BlackElo "1978"]
[PlyCount "92"]
[EventDate "2022.04.09"]
[EventType "swiss"]
[EventRounds "5"]
[EventCountry "URU"]
[SourceTitle "EXT 2023"]
[Source "ChessBase"]
[SourceDate "2022.10.05"]
[SourceVersion "1"]
[SourceVersionDate "2022.10.05"]
[SourceQuality "1"]

1. e4 c5 2. Nf3 Nc6 3. Bc4 e6 4. c3 d5 5. exd5 exd5 6. Qe2+ Be7 7. Bb3 Nf6 8. d4 0-0 9. 0-0 Bg4 10. dxc5 Bxc5 11. Bg5 Qd6 12. Bxf6 Qxf6 13. Bxd5 Rfe8 14. Qc4 Bxf3 15. Bxf3 Ne5 16. Qxc5 Nxf3+ 17. gxf3 Re5 18. Qe3 Rxe3 19. fxe3 Qb6 20. Nd2 Qxe3+ 21. Rf2 Rd8 22. Nf1 Qg5+ 23. Ng3 Rd2 24. Raf1 h5 25. Rxd2 Qxd2 26. Rf2 Qc1+ 27. Kg2 h4 28. Nf1 Qg5+ 29. Kh1 f5 30. h3 b5 31. f4 Qe7 32. Kg2 Qe4+ 33. Rf3 Qb1 34. Ne3 g6 35. Rf2 Qxa2 36. Rd2 Qe6 37. Kf2 a5 38. Rd5 Qe4 39. Re5 Qh1 40. Rd5 Qxh3 41. Rxb5 Qg3+ 42. Ke2 h3 43. Nf1 Qg2+ 44. Ke1 Qe4+ 45. Kf2 Qxf4+ 46. Kg1 Qg4+ 0-1

[Event "URU-ch sf"]
[Site "Montevideo"]
[Date "2020.02.22"]
[Round "2"]
[White "Cayetano, Juan"]
[Black "Manteiga, Franco"]
[Result "0-1"]
[WhiteElo "1543"]
[BlackElo "1703"]
[PlyCount "54"]
[EventDate "2020.02.21"]
[EventType "swiss"]
[EventRounds "8"]
[EventCountry "URU"]
[SourceTitle "CBM 195 Extra"]
[Source "ChessBase"]
[SourceDate "2020.05.31"]
[SourceVersion "1"]
[SourceVersionDate "2020.05.31"]
[SourceQuality "1"]

1. e4 c5 2. Nf3 Nc6 3. Bc4 e6 4. c3 d5 5. exd5 exd5 6. Bb3 Nf6 7. d4 c4 8. Ba4 Bd6 9. Qe2+ Be6 10. Ne5 Qc7 11. 0-0 0-0 12. Nxc6 bxc6 13. h3 Bf5 14. Bc2 Rae8 15. Qd1 Ne4 16. Nd2 Bg6 17. Bxe4 Bxe4 18. Nxe4 Rxe4 19. b4 Rfe8 20. Be3 R8e6 21. Qd2 f5 22. Qc2 f4 23. Bd2 f3 24. Rfe1 Qf7 25. Re3 Qg6 26. Rxf3 Re1+ 27. Rxe1 Rxe1+ 0-1

[Event "URU-ch sf"]
[Site "Montevideo"]
[Date "2020.02.21"]
[Round "1"]
[White "Salguero, Rafael"]
[Black "Cayetano, Juan"]
[Result "1-0"]
[WhiteElo "1906"]
[BlackElo "1543"]
[PlyCount "67"]
[EventDate "2020.02.21"]
[EventType "swiss"]
[EventRounds "8"]
[EventCountry "URU"]
[SourceTitle "CBM 195 Extra"]
[Source "ChessBase"]
[SourceDate "2020.05.31"]
[SourceVersion "1"]
[SourceVersionDate "2020.05.31"]
[SourceQuality "1"]

1. d4 e6 2. c4 d5 3. Nc3 Nf6 4. cxd5 exd5 5. Bg5 c6 6. Qc2 Be7 7. e3 Ne4 8. Nxe4 Bxg5 9. Nxg5 Qxg5 10. Nf3 Qg6 11. Qxg6 hxg6 12. b4 Nd7 13. b5 c5 14. dxc5 Nxc5 15. Rd1 Be6 16. Ng5 Rd8 17. Nxe6 Nxe6 18. Be2 0-0 19. Bf3 d4 20. Bxb7 Nc5 21. Bc6 dxe3 22. fxe3 Nd3+ 23. Ke2 Nb4 24. Rb1 Nxa2 25. Rb3 a5 26. bxa6 Rc8 27. Ra1 Rxc6 28. Rxa2 Ra8 29. a7 Rcc8 30. Rb7 Kf8 31. Rab2 Ke8 32. Rb8 Ke7 33. Rxc8 Rxc8 34. Rb8 1-0

[Event "Montevideo Reina Reyes op 14th"]
[Site "Montevideo"]
[Date "2020.02.16"]
[Round "5"]
[White "Cano, Carlos2222"]
[Black "Cayetano, Juan"]
[Result "0-1"]
[WhiteElo "1660"]
[BlackElo "1543"]
[PlyCount "138"]
[EventDate "2020.02.15"]
[EventType "swiss"]
[EventRounds "5"]
[EventCountry "URU"]
[SourceTitle "CBM 195 Extra"]
[Source "ChessBase"]
[SourceDate "2020.05.31"]
[SourceVersion "1"]
[SourceVersionDate "2020.05.31"]
[SourceQuality "1"]

1. e4 e6 2. d4 d5 3. e5 c5 4. c3 Nc6 5. Nf3 Qb6 6. Be2 Nh6 7. b3 Nf5 8. dxc5 Bxc5 9. 0-0 a5 10. Be3 0-0 11. Qc1 Bd7 12. Bxc5 Qxc5 13. Qa3 Qb6 14. Nbd2 Qc7 15. g4 Nh6 16. g5 Nf5 17. Rfe1 Nxe5 18. Nxe5 Qxe5 19. Nf3 Qf4 20. Qc1 Qd6 21. Bd3 Bc6 22. Ne5 f6 23. Nxc6 Qxc6 24. Bxf5 exf5 25. Re7 Rac8 26. Qe3 Rfe8 27. gxf6 Rxe7 28. Qxe7 Qxf6 29. Qxf6 gxf6 30. Rd1 Rc5 31. c4 dxc4 32. bxc4 Rxc4 33. Rd8+ Kg7 34. Rd7+ Kg6 35. Rxb7 Rc2 36. Rb3 Rxa2 37. Rg3+ Kf7 38. Rh3 Kg8 39. Rg3+ Kh8 40. Rf3 a4 41. Rxf5 Kg8 42. Ra5 Kg7 43. Kg2 h5 44. h4 Ra1 45. Kh2 a3 46. Kg2 a2 47. Kh2 Kf7 48. Kg2 Kg6 49. Kf3 Rh1 50. Rxa2 Rxh4 51. Ra6 Kf5 52. Ra5+ Kg6 53. Ra8 Rb4 54. Kg3 Kg5 55. Rg8+ Kf5 56. Rh8 Rg4+ 57. Kh3 Rg5 58. Rh7 Kf4 59. Kh4 Rg2 60. Kxh5 Rxf2 61. Kg6 Ke5 62. Re7+ Kd6 63. Re3 Kd5 64. Kh5 Rg2 65. Kh4 f5 66. Kh3 Rg7 67. Rg3 Rxg3+ 68. Kxg3 Ke4 69. Kf2 Kf4 0-1

[Event "Montevideo Duchamp Cup 4th"]
[Site "Montevideo"]
[Date "2020.02.14"]
[Round "8"]
[White "Zaruski, Julio"]
[Black "Cayetano, Juan"]
[Result "1/2-1/2"]
[WhiteElo "1822"]
[BlackElo "1543"]
[PlyCount "108"]
[EventDate "2020.02.08"]
[EventType "swiss"]
[EventRounds "9"]
[EventCountry "URU"]
[SourceTitle "CBM 194 Extra"]
[Source "ChessBase"]
[SourceDate "2020.03.31"]
[SourceVersion "1"]
[SourceVersionDate "2020.03.31"]
[SourceQuality "1"]

1. e4 e6 2. d4 d5 3. e5 c5 4. c3 Nc6 5. Nf3 Qb6 6. a3 a5 7. g3 Nh6 8. h4 cxd4 9. cxd4 Bd7 10. Bh3 Nf5 11. Bxf5 exf5 12. 0-0 Be7 13. Nc3 Be6 14. Rb1 0-0 15. Be3 Rac8 16. Ng5 Rfe8 17. Nxe6 fxe6 18. Ne2 Qb5 19. Nf4 Bf8 20. Nh3 Be7 21. Kg2 a4 22. Ng5 Bxg5 23. hxg5 g6 24. Rh1 Na5 25. g4 Rf8 26. gxf5 Rxf5 27. Qg4 Nb3 28. Rh3 Rc7 29. Rbh1 Qd3 30. Rf3 Qe2 31. Rf4 Qxg4+ 32. Rxg4 Rc2 33. Rgh4 Rf7 34. Rb1 Nd2 35. Rd1 Ne4 36. Rxe4 dxe4 37. d5 exd5 38. Rxd5 Re7 39. Kg3 Rxb2 40. Kf4 b5 41. Kxe4 b4 42. axb4 Rxb4+ 43. Bd4 Kf7 44. f4 Rc7 45. f5 gxf5+ 46. Kxf5 Rbc4 47. e6+ Ke8 48. Kf6 Rc1 49. Ra5 Rf1+ 50. Ke5 Ke7 51. Bc5+ Rxc5+ 52. Rxc5 Re1+ 53. Kd5 Rd1+ 54. Ke5 Re1+ 1/2-1/2

[Event "Montevideo Duchamp Cup 4th"]
[Site "Montevideo"]
[Date "2020.02.09"]
[Round "2"]
[White "Silva Rosas, Natalia"]
[Black "Cayetano, Juan"]
[Result "1/2-1/2"]
[WhiteElo "1787"]
[BlackElo "1543"]
[PlyCount "118"]
[EventDate "2020.02.08"]
[EventType "swiss"]
[EventRounds "9"]
[EventCountry "URU"]
[SourceTitle "CBM 194 Extra"]
[Source "ChessBase"]
[SourceDate "2020.03.31"]
[SourceVersion "1"]
[SourceVersionDate "2020.03.31"]
[SourceQuality "1"]

1. e4 e6 2. d3 d5 3. Nd2 c5 4. Ngf3 d4 5. g3 Nc6 6. e5 Qc7 7. Qe2 Nge7 8. Nc4 Ng6 9. Bf4 b5 10. Ncd2 Bb7 11. Bg2 Ncxe5 12. Nxe5 Nxf4 13. gxf4 Bxg2 14. Rg1 Bd5 15. f5 Bd6 16. f4 Bxe5 17. fxe5 g6 18. f6 c4 19. dxc4 bxc4 20. Rg3 Rb8 21. b3 c3 22. Nf1 Qc5 23. a4 Bc6 24. Rd3 h5 25. h4 Rd8 26. Rad1 Rd5 27. Qh2 Rxe5+ 28. Kf2 Rf5+ 29. Kg1 0-0 30. b4 Qxb4 31. Rxd4 Qc5 32. Qd6 Qxd6 33. Rxd6 Bxa4 34. Ne3 Rxf6 35. Nd5 exd5 36. Rxf6 Bxc2 37. Rxd5 Be4 38. Rc5 c2 39. Kf2 Rd8 40. Rc7 Bd5 41. Rxc2 Be6 42. Rf4 Rc8 43. Rb2 Rc4 44. Ke3 Rxf4 45. Kxf4 Kg7 46. Ke5 a5 47. Rb5 a4 48. Ra5 Bb3 49. Ra7 Kf8 50. Ra8+ Ke7 51. Ra7+ Kd8 52. Kd6 Kc8 53. Kc6 Kb8 54. Rb7+ Ka8 55. Kb6 Be6 56. Ra7+ Kb8 57. Rxa4 Kc8 58. Ra7 Kd8 59. Kc6 Ke8 1/2-1/2

[Event "Montevideo Duchamp Cup 3rd"]
[Site "Montevideo"]
[Date "2019.02.16"]
[Round "9"]
[White "Cayetano, Juan"]
[Black "Lanaro, Emilio"]
[Result "1/2-1/2"]
[WhiteElo "1335"]
[BlackElo "1696"]
[PlyCount "96"]
[EventDate "2019.02.09"]
[EventType "swiss"]
[EventRounds "9"]
[EventCountry "URU"]
[SourceTitle "CBM 189 Extra"]
[Source "ChessBase"]
[SourceDate "2019.06.03"]
[SourceVersion "1"]
[SourceVersionDate "2019.06.03"]
[SourceQuality "1"]

1. e4 e5 2. Bc4 Nf6 3. d3 Be7 4. Nf3 d6 5. c3 Be6 6. Bb3 0-0 7. 0-0 Re8 8. Re1 Nc6 9. Bc2 Nh5 10. d4 exd4 11. Nxd4 Nxd4 12. cxd4 Nf6 13. Nc3 d5 14. e5 Nd7 15. Qd3 Nf8 16. Be3 Rc8 17. Ba4 c6 18. a3 Qd7 19. b4 Bf5 20. Qd2 b5 21. Bc2 Bxc2 22. Qxc2 Qc7 23. Qe2 Nd7 24. Qg4 Nb6 25. Bf4 Qd7 26. Qxd7 Nxd7 27. Ne2 Nb6 28. Ng3 Nc4 29. Re2 a5 30. Nf5 Ra8 31. Rea2 axb4 32. Nxe7+ Rxe7 33. axb4 Rxa2 34. Rxa2 f6 35. Re2 fxe5 36. Bxe5 Nxe5 37. dxe5 Ra7 38. Re1 Kf7 39. f4 Ra2 40. Rb1 Ke6 41. Rc1 Kd7 42. Rb1 Rc2 43. Kf1 c5 44. bxc5 Rxc5 45. Rb2 Ke6 46. Ke2 Kf5 47. g3 g5 48. Ke3 gxf4+ 1/2-1/2

[Event "Montevideo Duchamp Cup 3rd"]
[Site "Montevideo"]
[Date "2019.02.12"]
[Round "5"]
[White "Cayetano, Juan"]
[Black "Pena, Luis"]
[Result "1/2-1/2"]
[WhiteElo "1335"]
[BlackElo "1626"]
[PlyCount "136"]
[EventDate "2019.02.09"]
[EventType "swiss"]
[EventRounds "9"]
[EventCountry "URU"]
[SourceTitle "CBM 188 Extra"]
[Source "ChessBase"]
[SourceDate "2019.02.26"]
[SourceVersion "1"]
[SourceVersionDate "2019.02.26"]
[SourceQuality "1"]

1. e4 c5 2. Bc4 e6 3. c3 d6 4. Nf3 Nf6 5. d3 Be7 6. 0-0 0-0 7. Re1 a6 8. Nbd2 Nbd7 9. Nf1 b5 10. Bb3 Bb7 11. Ng3 Rc8 12. Bc2 Qb6 13. h3 b4 14. Be3 Qc7 15. Qd2 a5 16. a3 bxc3 17. bxc3 Rfe8 18. c4 Bf8 19. Rab1 Bc6 20. Qc3 d5 21. exd5 exd5 22. Bd2 d4 23. Qxa5 Bxf3 24. Qxc7 Rxc7 25. gxf3 Ra7 26. Ra1 Rea8 27. a4 Nb6 28. Ra2 Nfd7 29. a5 Nc8 30. Ba4 Nb8 31. Rb1 Na6 32. Bc6 Rb8 33. Rxb8 Nxb8 34. Bd5 Ne7 35. Bf4 Nbc6 36. Be4 Rxa5 37. Rxa5 Nxa5 38. Bd6 Nb3 39. Nh5 f5 40. Bxe7 fxe4 41. Bxf8 exd3 42. Kf1 Kxf8 43. Ke1 d2+ 44. Kd1 Kf7 45. f4 g6 46. Ng3 Kf6 47. h4 h5 48. f3 Ke6 49. f5+ gxf5 50. Nxh5 Na5 51. Nf4+ Kd6 52. Kxd2 Nxc4+ 53. Ke2 Ke5 54. Nd3+ Kd5 55. Nf4+ Kc6 56. Ng6 Nd6 57. h5 Nf7 58. Ne7+ Kb5 59. Nxf5 Kc4 60. h6 Kc3 61. Kd1 c4 62. h7 Nh8 63. f4 Kd3 64. Nd6 c3 65. Nb5 Ke3 66. Kc2 Ng6 67. f5 Nh8 68. f6 Ke4 1/2-1/2

[Event "Montevideo Duchamp Cup 3rd"]
[Site "Montevideo"]
[Date "2019.02.10"]
[Round "2"]
[White "Moreno, Nelson"]
[Black "Cayetano, Juan"]
[Result "1-0"]
[WhiteElo "1682"]
[BlackElo "1335"]
[PlyCount "157"]
[EventDate "2019.02.09"]
[EventType "swiss"]
[EventRounds "9"]
[EventCountry "URU"]
[SourceTitle "CBM 188 Extra"]
[Source "ChessBase"]
[SourceDate "2019.02.26"]
[SourceVersion "1"]
[SourceVersionDate "2019.02.26"]
[SourceQuality "1"]

1. e4 e6 2. d4 d5 3. Nd2 c5 4. Ngf3 Nc6 5. Bb5 Qb6 6. exd5 Qxb5 7. dxc6 bxc6 8. c4 Qb6 9. dxc5 Bxc5 10. 0-0 Nf6 11. Nb3 0-0 12. Qc2 a5 13. Nxc5 Qxc5 14. Be3 Qh5 15. Bf4 Re8 16. Rfe1 Nd7 17. Rad1 f6 18. Qe4 Ra6 19. Rd6 e5 20. Qe2 e4 21. Nd4 Qxe2 22. Rxe2 c5 23. Nb5 Re7 24. f3 f5 25. fxe4 fxe4 26. Nc3 Rxd6 27. Bxd6 Re6 28. Rxe4 Rxd6 29. Re8+ Kf7 30. Rxc8 Rd2 31. b3 Rc2 32. Ne4 Ne5 33. Nxc5 Ng4 34. g3 Nxh2 35. a4 Nf3+ 36. Kf1 Nd2+ 37. Ke1 Nf3+ 38. Kd1 Rd2+ 39. Kc1 Rg2 40. Nb7 Rxg3 41. Nxa5 Nd4 42. Kb2 h5 43. c5 h4 44. c6 Ke7 45. Rh8 Nxc6 46. Nxc6+ Kd6 47. Nd4 Rg4 48. Nf5+ Ke6 49. Nxh4 g5 50. Rh6+ Ke5 51. Ng6+ Kd4 52. a5 Rg2+ 53. Ka3 Rg1 54. Kb4 Rg4 55. Kb5 Re4 56. Nf8 Re5+ 57. Kb6 Kc3 58. Nd7 Rd5 59. Nc5 Kb4 60. Rc6 Rd8 61. Kb7 Kxa5 62. Ne6 Rd3 63. Ra6+ Kb5 64. Rb6+ Ka5 65. Nxg5 Rd7+ 66. Kc8 Rg7 67. Ne6 Rg8+ 68. Kc7 Rh8 69. b4+ Ka4 70. b5 Rh5 71. Kc6 Rh6 72. Kd6 Rh5 73. Nc5+ Ka5 74. Rb8 Rh6+ 75. Ne6 Rh5 76. b6 Rh7 77. Kc6 Rh1 78. b7 Rc1+ 79. Nc5 1-0